[Event "SVK-chT2A 2223"]
[Site "Slovakia"]
[Date "2023.03.26"]
[Round "11.3"]
[White "Nemsak, Denis"]
[Black "Vadila, Ondrej"]
[Result "0-1"]
[WhiteElo "2012"]
[BlackElo "2178"]
[PlyCount "60"]
[EventDate "2022.10.08"]
[EventType "team-tourn"]
[EventRounds "11"]
[EventCountry "SVK"]
[SourceTitle "EXT 2024"]
[Source "ChessBase"]
[SourceDate "2023.10.10"]
[SourceVersion "1"]
[SourceVersionDate "2023.10.10"]
[SourceQuality "1"]
[WhiteTeam "Piestany Kupele"]
[BlackTeam "Bratislava Slovan IV"]
[WhiteTeamCountry "SVK"]
[BlackTeamCountry "SVK"]

1. d4 Nf6 2. c4 c5 3. d5 e6 4. Nc3 exd5 5. cxd5 Bd6 6. e4 Be5 7. Bd3 d6 8. Nge2 0-0 9. 0-0 Re8 10. Kh1 Ng4 11. g3 Qf6 12. Kg2 a6 13. a4 Bd4 14. Nxd4 cxd4 15. Ne2 Nd7 16. h3 Nge5 17. Bb1 Qf3+ 18. Kh2 d3 19. Nc3 Nc5 20. Be3 Nxe4 21. Qxf3 Nxf3+ 22. Kg2 Nxc3 23. bxc3 Ne5 24. Bd4 Bf5 25. g4 Be4+ 26. Kg3 Nf3 27. Be3 Rac8 28. Ra3 Ne5 29. Rb3 Bxd5 30. Rb6 Nc4 0-1

[Event "SVK-chT1W 2223"]
[Site "Slovakia"]
[Date "2023.03.11"]
[Round "10.7"]
[White "Mikusik, Marian"]
[Black "Nemsak, Denis"]
[Result "1/2-1/2"]
[WhiteElo "1983"]
[BlackElo "2014"]
[PlyCount "92"]
[EventDate "2022.10.15"]
[EventType "team-tourn"]
[EventRounds "11"]
[EventCountry "SVK"]
[SourceTitle "EXT 2024"]
[Source "ChessBase"]
[SourceDate "2023.10.10"]
[SourceVersion "1"]
[SourceVersionDate "2023.10.10"]
[SourceQuality "1"]
[WhiteTeam "Povazska Bystrica"]
[BlackTeam "Bratislava Lokomotiva"]
[WhiteTeamCountry "SVK"]
[BlackTeamCountry "SVK"]

1. d4 f5 2. Nc3 d5 3. Bf4 a6 4. Nf3 Nf6 5. e3 e6 6. Bd3 c5 7. dxc5 Bxc5 8. 0-0 Nc6 9. Ne5 0-0 10. Ne2 Bd6 11. Nxc6 bxc6 12. Bxd6 Qxd6 13. Ng3 f4 14. exf4 Qxf4 15. Qc1 Qh4 16. f3 Bd7 17. Qe3 Rae8 18. Qe5 Bc8 19. c3 Nd7 20. Qh5 Qxh5 21. Nxh5 e5 22. Ng3 Nc5 23. Bc2 g6 24. b4 Ne6 25. Rfe1 Nc7 26. Bb3 Kg7 27. c4 Bb7 28. Rac1 Re7 29. a4 Kf6 30. Red1 Rd8 31. Ne4+ Kf5 32. Nc5 Bc8 33. a5 Ree8 34. Ba4 Rd6 35. Kf2 Red8 36. cxd5 cxd5 37. h4 h5 38. Rd2 Ne6 39. b5 axb5 40. Bxb5 Nxc5 41. Rxc5 g5 42. hxg5 Kxg5 43. Bc6 h4 44. Rcxd5 Rxd5 45. Rxd5 Rxd5 46. Bxd5 Kf4 1/2-1/2

[Event "SVK-chT1W 2223"]
[Site "Slovakia"]
[Date "2023.02.05"]
[Round "9.7"]
[White "Jablonicky, Frantisek"]
[Black "Nemsak, Denis"]
[Result "0-1"]
[WhiteElo "2030"]
[BlackElo "2014"]
[PlyCount "58"]
[EventDate "2022.10.15"]
[EventType "team-tourn"]
[EventRounds "11"]
[EventCountry "SVK"]
[SourceTitle "EXT 2024"]
[Source "ChessBase"]
[SourceDate "2023.10.10"]
[SourceVersion "1"]
[SourceVersionDate "2023.10.10"]
[SourceQuality "1"]
[WhiteTeam "Trnava Sered"]
[BlackTeam "Bratislava Lokomotiva"]
[WhiteTeamCountry "SVK"]
[BlackTeamCountry "SVK"]

1. Nf3 d5 2. e3 c5 3. c4 d4 4. exd4 cxd4 5. d3 Nc6 6. g3 e5 7. Bg2 Bd6 8. 0-0 Nge7 9. a3 a5 10. Re1 0-0 11. c5 Bc7 12. Nbd2 Nd5 13. Qc2 Be6 14. Nf1 Re8 15. Ng5 Bf5 16. Qc4 Nce7 17. b3 h6 18. Nf3 Nc3 19. Nxd4 exd4 20. Bd2 Be6 21. Rxe6 fxe6 22. Bxc3 dxc3 23. Bxb7 Rb8 24. Qxe6+ Kh8 25. Be4 Qd4 26. Ne3 Qxc5 27. Ng4 Rf8 28. Nxh6 Qxf2+ 29. Kh1 Rb6 0-1

[Event "SVK-chT3A2 2223"]
[Site "Slovakia"]
[Date "2023.01.22"]
[Round "5.2"]
[White "Slamena, Michal"]
[Black "Nemsak, Denis"]
[Result "1-0"]
[WhiteElo "2043"]
[BlackElo "2054"]
[PlyCount "60"]
[EventDate "2022.10.16"]
[EventType "team-tourn"]
[EventRounds "9"]
[EventCountry "SVK"]
[SourceTitle "EXT 2024"]
[Source "ChessBase"]
[SourceDate "2023.10.10"]
[SourceVersion "1"]
[SourceVersionDate "2023.10.10"]
[SourceQuality "1"]
[WhiteTeam "Hlohovec"]
[BlackTeam "Gbely Nafta"]
[WhiteTeamCountry "SVK"]
[BlackTeamCountry "SVK"]

1. e4 d5 2. exd5 Nf6 3. d4 Nxd5 4. c4 Nb6 5. Nf3 g6 6. Be3 Bg7 7. Nc3 0-0 8. Be2 Bg4 9. Qd3 Nc6 10. 0-0-0 e5 11. d5 Nb4 12. Qd2 e4 13. Nxe4 Nxa2+ 14. Kb1 Bf5 15. Kxa2 Bxe4 16. Bd4 Bxf3 17. gxf3 Re8 18. Rhe1 Nd7 19. Qf4 c5 20. dxc6 bxc6 21. Bxg7 Kxg7 22. Kb1 Qf6 23. Qxf6+ Nxf6 24. Bd3 Rad8 25. Kc2 c5 26. h3 Nh5 27. Be4 Nf4 28. Rh1 f5 29. Rxd8 Rxd8 30. Bc6 Re8 1-0

[Event "SVK-chT1W 2223"]
[Site "Slovakia"]
[Date "2023.01.14"]
[Round "7.6"]
[White "Nemsak, Denis"]
[Black "Valent, Ivan"]
[Result "1/2-1/2"]
[WhiteElo "2014"]
[BlackElo "2100"]
[PlyCount "86"]
[EventDate "2022.10.15"]
[EventType "team-tourn"]
[EventRounds "11"]
[EventCountry "SVK"]
[SourceTitle "EXT 2024"]
[Source "ChessBase"]
[SourceDate "2023.10.10"]
[SourceVersion "1"]
[SourceVersionDate "2023.10.10"]
[SourceQuality "1"]
[WhiteTeam "Bratislava Lokomotiva"]
[BlackTeam "Bratislava Slovan II"]
[WhiteTeamCountry "SVK"]
[BlackTeamCountry "SVK"]

1. c4 Nf6 2. Nc3 d6 3. d4 e5 4. Nf3 Nbd7 5. e4 c6 6. Be2 Be7 7. 0-0 0-0 8. Be3 a6 9. d5 c5 10. Ne1 Rb8 11. a4 Ne8 12. g3 Bg5 13. f4 Bh6 14. Qd2 exf4 15. Bxf4 Bxf4 16. gxf4 f5 17. exf5 Ndf6 18. Qd3 Qd7 19. Nf3 Qxf5 20. Ng5 Nc7 21. Rae1 h6 22. Ne6 Bxe6 23. dxe6 Qxe6 24. Bf3 Qd7 25. Nd5 Ncxd5 26. Bxd5+ Nxd5 27. Qxd5+ Kh8 28. Re6 Rbe8 29. f5 Rxe6 30. fxe6 Rxf1+ 31. Kxf1 Qe7 32. Ke2 g6 33. Kd3 Kg7 34. h4 Kf6 35. Qf3+ Kxe6 36. Qe3+ Kd7 37. Qxh6 Qf6 38. Kc2 Qf2+ 39. Kb3 Qf5 40. Ka3 Kc6 41. Qe3 Kb6 42. Qe7 Qd3+ 43. b3 Ka7 1/2-1/2

[Event "SVK-chT1W 2223"]
[Site "Slovakia"]
[Date "2022.12.04"]
[Round "6.7"]
[White "Nemsak, Denis"]
[Black "Kolcak, Marek"]
[Result "0-1"]
[WhiteElo "2014"]
[BlackElo "2079"]
[PlyCount "96"]
[EventDate "2022.10.15"]
[EventType "team-tourn"]
[EventRounds "11"]
[EventCountry "SVK"]
[SourceTitle "EXT 2024"]
[Source "ChessBase"]
[SourceDate "2023.10.10"]
[SourceVersion "1"]
[SourceVersionDate "2023.10.10"]
[SourceQuality "1"]
[WhiteTeam "Bratislava Lokomotiva"]
[BlackTeam "Bratislava Slovan III"]
[WhiteTeamCountry "SVK"]
[BlackTeamCountry "SVK"]

1. e4 e6 2. d4 d5 3. exd5 exd5 4. c4 Nf6 5. Bd3 Be6 6. cxd5 Bxd5 7. Nf3 Bb4+ 8. Nc3 Nc6 9. 0-0 0-0 10. Bg5 Bxf3 11. Qxf3 Qxd4 12. Nb5 Qd5 13. Qxd5 Nxd5 14. Be4 a6 15. Bxd5 axb5 16. a3 Bd6 17. Rac1 Rfe8 18. Rxc6 bxc6 19. Bxc6 Rab8 20. Bxe8 Rxe8 21. Be3 f5 22. g3 Re4 23. Rc1 Kf7 24. Kg2 Ke6 25. Kf3 Kd5 26. Rc2 g6 27. b4 Rc4 28. Rd2+ Ke6 29. Rd3 Be5 30. Rd8 Rc3 31. Rf8 Kd5 32. Ke2 Rxa3 33. Rf7 h5 34. Bc5 Bd6 35. Bxd6 cxd6 36. Rg7 Rb3 37. Rxg6 Rxb4 38. Rg5 Ke6 39. Rxh5 Rb2+ 40. Ke3 b4 41. h4 b3 42. Rh8 Rc2 43. Rb8 b2 44. f3 Kd5 45. h5 Kc4 46. Kf4 Rh2 47. Kxf5 Rxh5+ 48. Kg6 Rb5 0-1

[Event "SVK-chT1W 2223"]
[Site "Slovakia"]
[Date "2022.10.15"]
[Round "1.6"]
[White "Nemsak, Denis"]
[Black "Beres, Tomas"]
[Result "1/2-1/2"]
[WhiteElo "2014"]
[BlackElo "2090"]
[PlyCount "72"]
[EventDate "2022.10.15"]
[EventType "team-tourn"]
[EventRounds "11"]
[EventCountry "SVK"]
[SourceTitle "EXT 2024"]
[Source "ChessBase"]
[SourceDate "2023.10.10"]
[SourceVersion "1"]
[SourceVersionDate "2023.10.10"]
[SourceQuality "1"]
[WhiteTeam "Bratislava Lokomotiva"]
[BlackTeam "Nitra NSK"]
[WhiteTeamCountry "SVK"]
[BlackTeamCountry "SVK"]

1. c4 e5 2. Nc3 Nf6 3. g3 d5 4. cxd5 Nxd5 5. Bg2 Nb6 6. d3 Be7 7. Be3 0-0 8. Rc1 Nc6 9. Bxc6 bxc6 10. Nf3 Bd6 11. d4 exd4 12. Nxd4 Nc4 13. Qd3 Nxe3 14. Qxe3 Bc5 15. Rd1 Re8 16. Qd3 Bh3 17. f3 Bb6 18. Qc4 Qe7 19. Nxc6 Qe3 20. Rd3 Qc1+ 21. Rd1 Qxb2 22. Na4 Qf6 23. Nxb6 axb6 24. Kf2 Be6 25. Qb5 Rxa2 26. Rhe1 h6 27. Nb4 Raa8 28. Rd2 Qe7 29. Nc6 Qa3 30. e4 Qa4 31. Qxa4 Rxa4 32. Rc1 Bc4 33. Rd7 Ra2+ 34. Kg1 b5 35. Rxc7 Be2 36. Nd4 Bc4 1/2-1/2

[Event "Bratislava Slovakia op"]
[Site "Bratislava"]
[Date "2022.10.02"]
[Round "9"]
[White "Slovak, Kilian"]
[Black "Nemsak, Denis"]
[Result "1/2-1/2"]
[WhiteElo "2278"]
[BlackElo "2012"]
[PlyCount "68"]
[EventDate "2022.09.30"]
[EventType "swiss (rapid)"]
[EventRounds "9"]
[EventCountry "SVK"]
[SourceTitle "CBM 210 Extra"]
[Source "ChessBase"]
[SourceDate "2022.11.30"]
[SourceVersion "1"]
[SourceVersionDate "2022.11.30"]
[SourceQuality "1"]

1. e4 d5 2. exd5 Nf6 3. d4 Nxd5 4. c4 Nb6 5. Nf3 g6 6. Nc3 Bg7 7. c5 Nd5 8. Bc4 Nxc3 9. bxc3 0-0 10. Bg5 Nc6 11. 0-0 h6 12. Bh4 g5 13. Bg3 Bg4 14. Qd3 Na5 15. Bb5 e6 16. Ne5 Bf5 17. Qe2 b6 18. cxb6 axb6 19. f4 Qd5 20. fxg5 hxg5 21. Bd3 Bxd3 22. Nxd3 c5 23. dxc5 bxc5 24. Rad1 Bxc3 25. Ne5 Bd4+ 26. Kh1 Nc6 27. Nxc6 Qxc6 28. h4 Ra3 29. Qg4 Qd5 30. Rd2 Kg7 31. Re2 Re3 32. Rxe3 Bxe3 33. Kh2 Ra8 34. Be1 Rxa2 1/2-1/2

[Event "Bratislava Slovakia op"]
[Site "Bratislava"]
[Date "2022.10.01"]
[Round "6"]
[White "Rakhmangulova, Anastasiya"]
[Black "Nemsak, Denis"]
[Result "0-1"]
[WhiteElo "2261"]
[BlackElo "2012"]
[PlyCount "114"]
[EventDate "2022.09.30"]
[EventType "swiss (rapid)"]
[EventRounds "9"]
[EventCountry "SVK"]
[SourceTitle "CBM 210 Extra"]
[Source "ChessBase"]
[SourceDate "2022.11.30"]
[SourceVersion "1"]
[SourceVersionDate "2022.11.30"]
[SourceQuality "1"]

1. e4 d5 2. exd5 Nf6 3. Bb5+ Bd7 4. Bc4 Bg4 5. f3 Bc8 6. Nc3 Nbd7 7. Ne4 Nb6 8. Nxf6+ gxf6 9. Bb3 Nxd5 10. Ne2 Rg8 11. 0-0 Bh6 12. Kh1 Qd6 13. d4 Rg6 14. f4 f5 15. c4 Nf6 16. c5 Qd7 17. d5 Ne4 18. Be3 c6 19. Qc2 Bg7 20. Bd4 Bxd4 21. Nxd4 Qc7 22. Rac1 Bd7 23. dxc6 bxc6 24. Qc4 Be6 25. Nxe6 Rxe6 26. Qd4 Rf6 27. Qe5 Qxe5 28. fxe5 Rh6 29. Kg1 e6 30. Ba4 Kd7 31. b4 Rb8 32. a3 Kc7 33. Rfd1 Rg6 34. Rc2 Rg4 35. Rd4 a5 36. Rc1 axb4 37. axb4 Ra8 38. Bd1 Rgg8 39. Bf3 Ng5 40. Be2 Ra2 41. Kf1 Ne4 42. Rcd1 Nc3 43. R1d2 Rxd2 44. Rxd2 Nxe2 45. Rxe2 Rg4 46. Rb2 Re4 47. Kf2 Rxe5 48. Ra2 Kb7 49. Rd2 Rd5 50. Rxd5 exd5 51. Ke3 Ka6 52. Kd4 Kb5 53. Kc3 f4 54. h3 h6 55. Kb3 d4 56. h4 h5 57. Ka3 Kc4 0-1

[Event "Piestany Augustus Cup"]
[Site "Piestany"]
[Date "2022.07.15"]
[Round "7"]
[White "Nemsak, Denis"]
[Black "Livnansky, Tomas"]
[Result "1-0"]
[WhiteElo "1865"]
[BlackElo "1271"]
[PlyCount "49"]
[EventDate "2022.07.15"]
[EventType "swiss (rapid)"]
[EventRounds "7"]
[EventCountry "SVK"]
[SourceTitle "CBM 209 Extra"]
[Source "ChessBase"]
[SourceDate "2022.09.30"]
[SourceVersion "1"]
[SourceVersionDate "2022.09.30"]
[SourceQuality "1"]

1. c4 e5 2. Nc3 Nf6 3. g3 d5 4. cxd5 Nxd5 5. Bg2 Nxc3 6. bxc3 Nc6 7. Rb1 Bd6 8. Qa4 Bd7 9. Rxb7 Nb4 10. Qb3 Be6 11. c4 Na6 12. Qb5+ Bd7 13. Qxa6 Bc8 14. Qa4+ Kf8 15. Rb1 Bd7 16. Bc6 Bxc6 17. Qxc6 Rb8 18. Rxb8 Qxb8 19. Nf3 Qb1 20. 0-0 Qxa2 21. c5 Qc4 22. Ba3 Ke7 23. cxd6+ cxd6 24. Qxd6+ Ke8 25. Qe7# 1-0

[Event "SVK-chT2A 2122"]
[Site "Slovakia"]
[Date "2022.03.27"]
[Round "9.3"]
[White "Nemsak, Denis"]
[Black "Lanc, Alois"]
[Result "0-1"]
[WhiteElo "2006"]
[BlackElo "2288"]
[PlyCount "138"]
[EventDate "2021.10.16"]
[EventType "team-tourn"]
[EventRounds "11"]
[EventCountry "SVK"]
[SourceTitle "EXT 2023"]
[Source "ChessBase"]
[SourceDate "2022.10.05"]
[SourceVersion "1"]
[SourceVersionDate "2022.10.05"]
[SourceQuality "1"]
[WhiteTeam "Piestany Kupele"]
[BlackTeam "Trnava Sered"]
[WhiteTeamCountry "SVK"]
[BlackTeamCountry "SVK"]

1. d4 g6 2. c4 Bg7 3. Nc3 d6 4. e4 e5 5. Nge2 Nc6 6. Be3 Nge7 7. d5 Nb8 8. Nc1 f5 9. f3 Nd7 10. Be2 Nf6 11. Nd3 c5 12. dxc6 bxc6 13. 0-0 c5 14. b4 cxb4 15. Nxb4 0-0 16. Qa4 Bd7 17. Qa3 Bc8 18. Qa4 Bb7 19. Nbd5 Nexd5 20. cxd5 Nh5 21. Rab1 Rf7 22. Bb5 Rc8 23. Bc6 Nf4 24. Kh1 fxe4 25. fxe4 Bxc6 26. dxc6 Qe8 27. Nd5 Qxc6 28. Qxc6 Rxc6 29. Rb8+ Bf8 30. Nxf4 exf4 31. Rxf4 Rxf4 32. Bxf4 Kf7 33. g3 Be7 34. Rb7 Ke6 35. Rxa7 g5 36. Be3 Rc4 37. Kg2 g4 38. Kf2 Rc2+ 39. Ke1 h5 40. a4 Rxh2 41. a5 h4 42. gxh4 Bxh4+ 43. Kf1 Ke5 44. Rh7 Kxe4 45. Bg1 Ra2 46. a6 Bf6 47. a7 Bd4 48. Bxd4 Kxd4 49. Rg7 Ke3 50. Rxg4 Ra1+ 51. Kg2 Rxa7 52. Rg6 d5 53. Re6+ Kd3 54. Kf2 d4 55. Ke1 Ra1+ 56. Kf2 Kd2 57. Re2+ Kc3 58. Re8 d3 59. Rc8+ Kd2 60. Rc7 Ra8 61. Rc6 Rf8+ 62. Kg2 Rf5 63. Rc8 Ke3 64. Re8+ Kd4 65. Rd8+ Rd5 66. Rxd5+ Kxd5 67. Kf2 Kd4 68. Ke1 Ke3 69. Kd1 d2 0-1

[Event "SVK-chT2A 2122"]
[Site "Slovakia"]
[Date "2022.03.05"]
[Round "5.4"]
[White "Sustak, Roman"]
[Black "Nemsak, Denis"]
[Result "1-0"]
[WhiteElo "1921"]
[BlackElo "2006"]
[PlyCount "79"]
[EventDate "2021.10.16"]
[EventType "team-tourn"]
[EventRounds "11"]
[EventCountry "SVK"]
[SourceTitle "EXT 2023"]
[Source "ChessBase"]
[SourceDate "2022.10.05"]
[SourceVersion "1"]
[SourceVersionDate "2022.10.05"]
[SourceQuality "1"]
[WhiteTeam "Modra II"]
[BlackTeam "Piestany Kupele"]
[WhiteTeamCountry "SVK"]
[BlackTeamCountry "SVK"]

1. d4 f5 2. Nf3 Nf6 3. Nc3 d5 4. Bf4 e6 5. Nb5 Na6 6. a3 c6 7. Nc3 Be7 8. Ne5 0-0 9. e3 Nb8 10. Be2 Nbd7 11. 0-0 Qe8 12. b4 h6 13. h3 Kh7 14. Na4 Nxe5 15. Bxe5 b6 16. c4 dxc4 17. Rc1 b5 18. Nc5 a5 19. Bf3 axb4 20. axb4 Nd5 21. Bxd5 exd5 22. Ra1 Rxa1 23. Qxa1 Qg6 24. f4 Bh4 25. Rf3 Qf7 26. Rf1 g5 27. Kh2 g4 28. g3 Be7 29. h4 Bxc5 30. dxc5 Be6 31. Qa5 Qd7 32. Ra1 Kg6 33. Qb6 Rf7 34. Ra6 d4 35. Bxd4 Bd5 36. Qxb5 Qe6 37. Qb8 Qe4 38. Rxc6+ Kh5 39. Rxh6+ Kxh6 40. Qh8+ 1-0

[Event "SVK-chT3A2 2122"]
[Site "Slovakia"]
[Date "2021.10.10"]
[Round "1.1"]
[White "Podjavorinsky, Michal"]
[Black "Nemsak, Denis"]
[Result "0-1"]
[WhiteElo "1913"]
[BlackElo "2006"]
[PlyCount "44"]
[EventDate "2021.10.10"]
[EventType "team-tourn"]
[EventRounds "11"]
[EventCountry "SVK"]
[SourceTitle "EXT 2023"]
[Source "ChessBase"]
[SourceDate "2022.10.05"]
[SourceVersion "1"]
[SourceVersionDate "2022.10.05"]
[SourceQuality "1"]
[WhiteTeam "Vrbove"]
[BlackTeam "Gbely Nafta"]
[WhiteTeamCountry "SVK"]
[BlackTeamCountry "SVK"]

1. e4 d5 2. exd5 Nf6 3. Nc3 Nxd5 4. Nxd5 Qxd5 5. d4 Nc6 6. Be3 Bf5 7. Ne2 0-0-0 8. Nc3 Qd6 9. Bd3 Bxd3 10. Qxd3 Nxd4 11. 0-0-0 e5 12. Nb5 Qe6 13. Bxd4 exd4 14. Nxd4 Qxa2 15. Qh3+ Rd7 16. Nb3 Bd6 17. Rd4 Rhd8 18. Re1 g6 19. Ree4 f5 20. Re1 Ba3 21. bxa3 Rxd4 22. Nxd4 Qa1+ 0-1

[Event "Piestany Slovakia op"]
[Site "Piestany"]
[Date "2021.07.17"]
[Round "8"]
[White "Nemsak, Denis"]
[Black "Jablonicky, Martin"]
[Result "0-1"]
[WhiteElo "2045"]
[BlackElo "2298"]
[PlyCount "66"]
[EventDate "2021.07.10"]
[EventType "swiss"]
[EventRounds "9"]
[EventCountry "SVK"]
[SourceTitle "CBM 203 Extra"]
[Source "ChessBase"]
[SourceDate "2021.09.30"]
[SourceVersion "1"]
[SourceVersionDate "2021.09.30"]
[SourceQuality "1"]

1. c4 e6 2. e4 c5 3. Nf3 Nc6 4. Nc3 Nf6 5. e5 Ng4 6. d4 cxd4 7. Nxd4 Ngxe5 8. Ndb5 d6 9. Ne4 a6 10. Nbxd6+ Bxd6 11. Nxd6+ Ke7 12. f4 Qxd6 13. Qxd6+ Kxd6 14. fxe5+ Kxe5 15. b3 f6 16. Ba3 Rd8 17. Kf2 Kf5 18. g4+ Kg6 19. Bg2 e5 20. Bd5 Re8 21. Rad1 Be6 22. Bxc6 bxc6 23. Rd6 a5 24. g5 a4 25. b4 Bxc4 26. gxf6 gxf6 27. Rc1 Bb5 28. Rd7 Rad8 29. Rg1+ Kf5 30. Rgg7 Ke6 31. Rge7+ Rxe7 32. Rxd8 Rg7 33. Bc1 Rg4 0-1

[Event "Skalica Rapid op"]
[Site "Skalica"]
[Date "2020.08.29"]
[Round "6"]
[White "Nemsak, Denis"]
[Black "Bidulsky, Matej"]
[Result "0-1"]
[WhiteElo "1869"]
[BlackElo "1548"]
[PlyCount "100"]
[EventDate "2020.08.29"]
[EventType "swiss (rapid)"]
[EventRounds "7"]
[EventCountry "SVK"]
[SourceTitle "CBM 198 Extra"]
[Source "ChessBase"]
[SourceDate "2020.11.30"]
[SourceVersion "1"]
[SourceVersionDate "2020.11.30"]
[SourceQuality "1"]

1. c4 g6 2. Nc3 Bg7 3. e4 e6 4. d4 Ne7 5. f4 d5 6. cxd5 exd5 7. e5 Bf5 8. Nf3 Nd7 9. Bd3 Be6 10. 0-0 c6 11. Qe1 Nf5 12. Qf2 h6 13. Bd2 Qb6 14. b3 0-0-0 15. Na4 Qc7 16. Rfc1 Kb8 17. b4 Nb6 18. Nc5 Qe7 19. b5 f6 20. bxc6 bxc6 21. Rab1 Ka8 22. Ba6 Rb8 23. Bb4 Qe8 24. a4 Bc8 25. a5 Nd7 26. Nxd7 Qxd7 27. Bxc8 Rhxc8 28. Bc5 Rb5 29. Rxb5 cxb5 30. a6 Rc6 31. Qa2 fxe5 32. fxe5 Bf8 33. e6 Qd8 34. Ne5 Rc8 35. Nd7 Ne7 36. Bxe7 Rxc1+ 37. Kf2 Qc7 38. Qxd5+ Qc6 39. Qxc6+ Rxc6 40. Bxf8 Rxe6 41. Nc5 Rf6+ 42. Ke3 Rxf8 43. d5 Rf5 44. Ke4 Kb8 45. g4 Rf1 46. d6 Rc1 47. Kd5 Kc8 48. Kc6 b4 49. Kb5 Rxc5+ 50. Kxc5 b3 0-1

[Event "Skalica Rapid op"]
[Site "Skalica"]
[Date "2020.08.29"]
[Round "4"]
[White "Nemsak, Denis"]
[Black "Ondrus, Michal"]
[Result "1-0"]
[WhiteElo "1869"]
[BlackElo "1000"]
[PlyCount "89"]
[EventDate "2020.08.29"]
[EventType "swiss (rapid)"]
[EventRounds "7"]
[EventCountry "SVK"]
[SourceTitle "CBM 198 Extra"]
[Source "ChessBase"]
[SourceDate "2020.11.30"]
[SourceVersion "1"]
[SourceVersionDate "2020.11.30"]
[SourceQuality "1"]

1. c4 d6 2. Nc3 Nf6 3. e4 g6 4. d4 c6 5. f4 Bg7 6. Nf3 Bg4 7. Be2 0-0 8. 0-0 Nbd7 9. e5 dxe5 10. fxe5 Ne8 11. h3 Bxf3 12. Bxf3 e6 13. Bf4 Qb6 14. Qd2 Rd8 15. c5 Qa5 16. a3 Nxc5 17. dxc5 Rxd2 18. Bxd2 Qxc5+ 19. Kh1 Bxe5 20. Ne4 Qc2 21. Bb4 f5 22. Nc5 Rf7 23. Nxe6 Nd6 24. Rfe1 Ne4 25. Bxe4 fxe4 26. Rad1 Rf2 27. Rd8+ Kf7 28. Ng5+ Kg7 29. Rd7+ Kh6 30. h4 Kh5 31. Rxh7+ Kg4 32. Rxe4+ Kg3 33. Re3+ Kg4 34. Re4+ Bf4 35. Nh3 Kg3 36. Be1 Qc1 37. Nxf2 Bd2 38. Rhe7 Bxe1 39. Rxe1 Qh6 40. Ne4+ Kxh4 41. Kg1 Kg4 42. Nf2+ Kg3 43. R1e3+ Kf4 44. Rf3+ Kg5 45. Re5+ 1-0

[Event "SVK-chT2A 1920"]
[Site "Slovakia"]
[Date "2020.02.16"]
[Round "9.2"]
[White "Nemsak, Denis"]
[Black "Slacky, Stanislav"]
[Result "1-0"]
[WhiteElo "2066"]
[BlackElo "2106"]
[PlyCount "55"]
[EventDate "2019.10.26"]
[EventType "team-tourn"]
[EventRounds "11"]
[EventCountry "SVK"]
[SourceTitle "CBM 195 Extra"]
[Source "ChessBase"]
[SourceDate "2020.05.31"]
[SourceVersion "1"]
[SourceVersionDate "2020.05.31"]
[SourceQuality "1"]
[WhiteTeam "Piestany Kupele"]
[BlackTeam "Senec"]
[WhiteTeamCountry "SVK"]
[BlackTeamCountry "SVK"]

1. d4 Nc6 2. Nf3 d6 3. c4 e5 4. Nc3 Bg4 5. d5 Bxf3 6. gxf3 Nd4 7. e3 Nf5 8. Qa4+ Ke7 9. Bh3 g6 10. f4 exf4 11. Bxf5 gxf5 12. Rg1 Bh6 13. exf4 Qe8 14. Qb4 Kf8+ 15. Ne2 Qe7 16. Be3 Nf6 17. Qxb7 Re8 18. 0-0-0 Ng4 19. Bd4 Qxe2 20. Bxh8 Qe4 21. b3 Nxf2 22. Qxc7 Bxf4+ 23. Kb2 Nxd1+ 24. Ka3 Be3 25. Qxd6+ Re7 26. Qd8+ Re8 27. Bg7+ Kg8 28. Be5+ 1-0

[Event "SVK-chT2A 1920"]
[Site "Slovakia"]
[Date "2019.10.27"]
[Round "2.4"]
[White "Nemsak, Denis"]
[Black "Bednar, Jan"]
[Result "1/2-1/2"]
[WhiteElo "2077"]
[BlackElo "2025"]
[PlyCount "58"]
[EventDate "2019.10.26"]
[EventType "team-tourn"]
[EventRounds "11"]
[EventCountry "SVK"]
[SourceTitle "CBM 193 Extra"]
[Source "ChessBase"]
[SourceDate "2020.01.31"]
[SourceVersion "1"]
[SourceVersionDate "2020.01.31"]
[SourceQuality "1"]
[WhiteTeam "Piestany Kupele"]
[BlackTeam "Bratislava Doprastav II"]
[WhiteTeamCountry "SVK"]
[BlackTeamCountry "SVK"]

1. c4 c6 2. e4 d5 3. exd5 cxd5 4. d4 Nf6 5. Nc3 e6 6. Nf3 Nc6 7. Bg5 Be7 8. c5 h6 9. Bh4 0-0 10. Bb5 Ne4 11. Bxe7 Qxe7 12. 0-0 Bd7 13. Bxc6 Nxc3 14. Qd3 bxc6 15. Qxc3 Rfb8 16. b4 Be8 17. Rab1 f6 18. Rfe1 a6 19. Rb3 Rb5 20. Qe3 Bf7 21. a4 Rb7 22. Reb1 Qe8 23. h3 Re7 24. b5 axb5 25. axb5 cxb5 26. Rxb5 e5 27. R5b2 exd4 28. Qxd4 Re4 29. Qd2 Rc4 1/2-1/2

[Event "SVK-chT3A2 1819"]
[Site "Slovakia"]
[Date "2019.03.24"]
[Round "11.6"]
[White "Takacs, Laszlo"]
[Black "Nemsak, Denis"]
[Result "1-0"]
[WhiteElo "2245"]
[BlackElo "1994"]
[PlyCount "80"]
[EventDate "2018.10.07"]
[EventType "team-tourn"]
[EventRounds "11"]
[EventCountry "SVK"]
[SourceTitle "EXT 2020"]
[Source "ChessBase"]
[SourceDate "2019.10.17"]
[SourceVersion "1"]
[SourceVersionDate "2019.10.17"]
[SourceQuality "1"]
[WhiteTeam "Dunajska Streda II"]
[BlackTeam "Gbely Nafta II"]
[WhiteTeamCountry "SVK"]
[BlackTeamCountry "SVK"]

1. e4 d5 2. exd5 Nf6 3. d4 Nxd5 4. Nf3 g6 5. c4 Nb6 6. h3 Bg7 7. Nc3 0-0 8. Be3 Nc6 9. d5 Ne5 10. Nxe5 Bxe5 11. Bd4 Bxd4 12. Qxd4 e6 13. 0-0-0 exd5 14. cxd5 c6 15. dxc6 Qxd4 16. Rxd4 bxc6 17. Be2 Be6 18. Rhd1 Rfe8 19. Ba6 Bc8 20. Bc4 Be6 21. Ba6 Bc8 22. Be2 Be6 23. Bf3 Rac8 24. Ne4 Re7 25. a3 Kg7 26. Nc5 Bd5 27. R4d3 Rd8 28. Bxd5 Rxd5 29. Rxd5 cxd5 30. Nd3 Re2 31. Rd2 Rxd2 32. Kxd2 Kf6 33. Kc3 Ke6 34. Kb4 Kd6 35. Kb5 Nc4 36. f4 f6 37. Ka6 d4 38. Kxa7 Kd5 39. a4 Ke4 40. Nc5+ Kd5 1-0